[Event "ch-Asian Individual"]
[Site "Mashhad IRI"]
[Date "2011.05.02"]
[Round "1"]
[White "So,W"]
[Black "Ismagambetov,An"]
[Result "1/2-1/2"]
[WhiteElo "2667"]
[BlackElo "2500"]
[EventDate "2011.05.02"]

1. d4 d5 2. c4 dxc4 3. Nf3 a6 4. e3 b5 5. a4 Bb7 6. b3 Nf6 7. axb5 axb5 8.
Rxa8 Bxa8 9. bxc4 bxc4 10. Ba3 e6 11. Bxf8 Kxf8 12. Bxc4 Nbd7 13. O-O g6
14. Bb5 Kg7 15. Qc2 Be4 16. Qc1 c5 17. dxc5 Bxb1 18. c6 Be4 19. Rd1 Bxc6
20. Qxc6 Qb6 21. g3 Rb8 22. Qxb6 Nxb6 23. Bc6 Rc8 24. Ne5 Nc4 25. Bb7 Rc7
26. Nxc4 Rxc4 27. Rd2 Rc7 28. Bf3 h5 29. h4 Ra7 30. Rb2 Ra8 1/2-1/2

[Event "ch-Asian Individual"]
[Site "Mashhad IRI"]
[Date "2011.05.02"]
[Round "1"]
[White "Wang Chen"]
[Black "Nguyen Ngoc Truong Son"]
[Result "1/2-1/2"]
[WhiteElo "2436"]
[BlackElo "2635"]
[EventDate "2011.05.02"]

1. e4 e6 2. d4 d5 3. exd5 exd5 4. Bd3 Nc6 5. c3 Bd6 6. Ne2 Nge7 7. Bf4 Ng6
8. Bg3 Nce7 9. Qc2 h5 10. O-O h4 11. Bxd6 Qxd6 12. f4 Bg4 13. f5 Bxe2 14.
Bxe2 Nf4 15. Bg4 h3 16. g3 Nh5 17. Qf2 Nf6 18. Be2 Ne4 19. Qe3 g6 20. fxg6
Qxg6 21. Qf4 O-O-O 22. Nd2 f5 23. Nf3 Kb8 24. Ne5 Qg7 25. Bf3 Rhf8 26. Rae1
a6 27. Re2 Ng6 28. Nxg6 Qxg6 29. Bxe4 dxe4 30. Ref2 Qg7 31. Qh4 Rh8 32. Qf4
Rd5 33. Qe3 Qd7 34. Qg5 Qb5 35. Qc1 Qc6 36. Qe3 Qd7 37. Qg5 Qa4 38. b3 Qc6
39. Qe3 Qd7 40. Qg5 Qc6 41. Qe3 Qd7 42. Qg5 Qa4 43. Qe3 Qa5 44. a4 Rhd8 45.
b4 Qb6 46. a5 Qe6 47. Rf4 1/2-1/2

[Event "ch-Asian Individual"]
[Site "Mashhad IRI"]
[Date "2011.05.02"]
[Round "1"]
[White "Negi,P"]
[Black "Lou Yiping"]
[Result "1-0"]
[WhiteElo "2622"]
[BlackElo "2435"]
[EventDate "2011.05.02"]

1. e4 e6 2. d4 d5 3. Nc3 Bb4 4. e5 c5 5. a3 Bxc3+ 6. bxc3 Ne7 7. Qg4 O-O 8.
Bd3 f5 9. exf6 Rxf6 10. Bg5 Rf7 11. Qh5 g6 12. Qd1 Qa5 13. Bd2 Nbc6 14. Nf3
c4 15. Be2 Nf5 16. O-O Bd7 17. Re1 Raf8 18. Qc1 Nd6 19. Ng5 Rf6 20. Bg4 Nf5
21. f4 Nd8 22. Re2 Ba4 23. Rb1 Qc7 24. Qb2 b5 25. Rbe1 Qd6 26. Qc1 a5 27.
Re5 Ng7 28. Bh3 Qb6 29. Kh1 Qd6 30. R1e2 Qb6 31. Qd1 b4 32. axb4 axb4 33.
cxb4 Qxd4 34. Nf3 Rxf4 35. Qe1 R4f7 36. c3 Qd3 37. Bg5 d4 38. cxd4 Bc6 39.
R5e3 Bxf3 40. gxf3 Qxd4 41. Rd2 Qb6 42. Bxd8 Qxb4 43. Rd1 Qxe1+ 44. Rexe1
Rxf3 45. Bf1 c3 46. Ba5 c2 47. Rc1 Rc8 48. Ba6 Rc5 49. Bb6 Rcc3 50. Bd4 Rc7
51. Be5 Rc5 52. Bd6 Rcc3 53. Be5 Rc5 54. Re2 Ra3 55. Bb7 Rb3 56. Bd6 Rc4
57. Be4 Rb1 58. Ba3 Rb3 59. Bd6 Nf5 60. Bf4 Rbb4 61. Bxf5 exf5 62. Bh6 Rb1
63. Rexc2 Rxc1+ 64. Rxc1 Rxc1+ 65. Bxc1 Kg7 66. Kg2 h6 67. h4 f4 68. Kf3
Kf6 69. Ke4 Ke6 70. Bb2 Kf7 71. Bd4 Kg8 72. Ke5 Kf7 73. Bc5 Kg7 74. Ke6 h5
75. Bd4+ Kh6 76. Kf6 1-0

[Event "ch-Asian Individual"]
[Site "Mashhad IRI"]
[Date "2011.05.04"]
[Round "3"]
[White "Bu Xiangzhi"]
[Black "Negi,P"]
[Result "*"]
[WhiteElo "2662"]
[BlackElo "2622"]
[EventDate "2011.05.02"]

1. d4 d5 2. c4 e6 3. Nf3 Nf6 4. Bg5 Be7 5. Nc3 h6 6. Bxf6 Bxf6 7. Qb3 c5 8.
dxc5 O-O 9. cxd5 Qa5 10. e3 Nd7 11. Rc1 Nxc5 12. Qb5 Qc7 13. Be2 b6 14.
dxe6 Ba6 15. Nd5 Nd3+ 16. Kd2 Nxc1 17. Nxc7 Bxb5 18. Bxb5 *

[Event "ch-Asian Individual"]
[Site "Mashhad IRI"]
[Date "2011.05.04"]
[Round "3"]
[White "Jumabayev,R"]
[Black "Yu Yangyi"]
[Result "*"]
[WhiteElo "2558"]
[BlackElo "2646"]
[EventDate "2011.05.02"]

1. Nf3 Nf6 2. c4 e6 3. g3 d5 4. d4 Bb4+ 5. Bd2 Be7 6. Bg2 O-O 7. O-O c6 8.
Bf4 Nbd7 9. Nc3 b6 10. Rc1 Bb7 11. Nd2 Nh5 12. cxd5 exd5 13. Nf3 Re8 14.
Re1 Rc8 15. a3 Nxf4 16. gxf4 Rc7 17. b4 Bd6 18. e3 b5 19. Ne5 Nb6 20. e4
Rce7 21. Qh5 *

[Event "ch-Asian Individual"]
[Site "Mashhad IRI"]
[Date "2011.05.04"]
[Round "3"]
[White "Sethuraman,S"]
[Black "Sasikiran,K"]
[Result "*"]
[WhiteElo "2527"]
[BlackElo "2676"]
[EventDate "2011.05.02"]

1. e4 e5 2. Nf3 Nc6 3. Bb5 a6 4. Ba4 Nf6 5. O-O Be7 6. d3 d6 7. c3 O-O 8.
Nbd2 Nd7 9. b4 Kh8 10. Bxc6 bxc6 11. d4 f6 12. Bb2 a5 13. a3 d5 14. Re1
dxe4 15. Nxe4 f5 *

[Event "ch-Asian Individual"]
[Site "Mashhad IRI"]
[Date "2011.05.04"]
[Round "3"]
[White "Yu Ruiyuan"]
[Black "Harikrishna,P"]
[Result "*"]
[WhiteElo "2431"]
[BlackElo "2666"]
[EventDate "2011.05.02"]

1. e4 e5 2. Nf3 Nc6 3. Nc3 Nf6 4. Bb5 Bb4 5. O-O O-O 6. d3 d6 7. Bg5 Ne7 8.
Nh4 c6 9. Bc4 d5 10. Bb3 a5 11. a4 Qd6 12. Qf3 h6 13. Bxf6 Qxf6 14. Qxf6
gxf6 15. f4 Be6 16. exd5 cxd5 17. Nb5 Rad8 18. Kh1 e4 19. c3 Bc5 20. d4 Bb6
21. g3 Kg7 22. Na3 f5 23. Nc2 Ng6 24. Ng2 Bc7 25. Nce3 h5 *

[Event "ch-Asian Individual"]
[Site "Mashhad IRI"]
[Date "2011.05.04"]
[Round "3"]
[White "Ganguly,S"]
[Black "Adhiban,B"]
[Result "*"]
[WhiteElo "2643"]
[BlackElo "2543"]
[EventDate "2011.05.02"]

1. d4 d5 2. c4 c6 3. Nf3 Nf6 4. Nc3 e6 5. Bg5 h6 6. Bh4 dxc4 7. e4 g5 8.
Bg3 b5 9. h4 g4 10. Ne5 h5 11. Be2 b4 12. Na4 Nxe4 13. Bxc4 Nxg3 14. fxg3
Bg7 15. Nc5 Bxe5 16. dxe5 Qxd1+ 17. Rxd1 Nd7 18. Nxd7 Bxd7 19. Ke2 Ke7 20.
Rd6 a5 21. Rhd1 Ra7 *

[Event "ch-Asian Individual"]
[Site "Mashhad IRI"]
[Date "2011.05.04"]
[Round "3"]
[White "Zhou Weiqi"]
[Black "Megaranto,S"]
[Result "*"]
[WhiteElo "2610"]
[BlackElo "2529"]
[EventDate "2011.05.02"]

1. Nf3 Nf6 2. c4 e6 3. Nc3 Bb4 4. Qc2 O-O 5. a3 Bxc3 6. Qxc3 b6 7. e3 a5 8.
b3 Bb7 9. Bb2 d6 10. Be2 Nbd7 11. O-O Qe7 12. b4 h6 13. d3 axb4 14. axb4 c5
15. b5 Rfc8 16. Nd2 Qf8 17. Qb3 Rxa1 18. Rxa1 Ra8 19. Ra3 Rxa3 20. Qxa3 Qa8
21. Qxa8+ Bxa8 22. f4 Kf8 23. Kf2 Ng8 24. g4 f6 25. Kg3 Kf7 26. h4 Ne7 27.
h5 e5 28. d4 *

[Event "ch-Asian Individual"]
[Site "Mashhad IRI"]
[Date "2011.05.04"]
[Round "3"]
[White "Pourramezanali,A"]
[Black "Cao,S"]
[Result "*"]
[WhiteElo "2330"]
[BlackElo "2547"]
[EventDate "2011.05.02"]

1. e4 e6 2. Nf3 d5 3. Nc3 Nf6 4. e5 Nfd7 5. d4 c5 6. Bg5 Qb6 7. dxc5 Bxc5
8. Qd2 Nc6 9. O-O-O h6 10. Bh4 Qa5 11. a3 a6 12. Kb1 b5 13. Nxd5 b4 14.
axb4 Nxb4 15. Nxb4 Bxb4 16. c3 Bc5 17. Nd4 Qb6 18. f4 Rb8 19. Bc4 O-O 20.
Rhe1 Bxd4 21. cxd4 Qc6 22. Rc1 Nb6 23. Bb3 Qb5 24. Re3 Nd5 25. Rg3 Qxb3 26.
Rxb3 *

[Event "ch-Asian Individual"]
[Site "Mashhad IRI"]
[Date "2011.05.04"]
[Round "3"]
[White "Wen Yang"]
[Black "Ismagambetov,An"]
[Result "*"]
[WhiteElo "2545"]
[BlackElo "2500"]
[EventDate "2011.05.02"]

1. d4 Nf6 2. c4 e6 3. g3 d5 4. Nf3 dxc4 5. Bg2 Bd7 6. Ne5 Bc6 7. Nxc6 Nxc6
8. O-O Qd7 9. e3 O-O-O 10. Qa4 Nd5 11. Qxc4 h5 12. Rd1 h4 13. Qe2 hxg3 14.
hxg3 f5 15. Nc3 Kb8 16. e4 fxe4 17. Nxe4 Be7 18. Bg5 Nf6 19. Nxf6 gxf6 20.
d5 Ne5 21. Be3 exd5 22. Rxd5 Qc8 23. Rb5 c6 24. Rc1 cxb5 25. Rxc8+ Rxc8 26.
Qxb5 Nc6 *

[Event "ch-Asian Individual"]
[Site "Mashhad IRI"]
[Date "2011.05.04"]
[Round "3"]
[White "So,W"]
[Black "Alavi,S"]
[Result "*"]
[WhiteElo "2667"]
[BlackElo "2428"]
[EventDate "2011.05.02"]

1. d4 Nf6 2. c4 e6 3. Nf3 d5 4. g3 dxc4 5. Bg2 a6 6. O-O Nc6 7. Nc3 Be7 8.
Qa4 O-O 9. Qxc4 Rb8 10. Bf4 Nd5 11. Rac1 Nxf4 12. gxf4 Bd6 13. e3 Bd7 14.
Rfd1 Ne7 15. Ne5 Be8 16. Ne4 Nf5 17. Nc5 c6 18. Nf3 Bc7 19. Kh1 *

[Event "ch-Asian Individual"]
[Site "Mashhad IRI"]
[Date "2011.05.04"]
[Round "3"]
[White "Lu Shanglei"]
[Black "Nguyen Ngoc Truong Son"]
[Result "*"]
[WhiteElo "2473"]
[BlackElo "2635"]
[EventDate "2011.05.02"]

1. e4 e6 2. d4 d5 3. Nd2 h6 4. Ngf3 Nf6 5. Bd3 c5 6. exd5 exd5 7. O-O c4 8.
Re1+ Be7 9. Be2 Nc6 10. b3 cxb3 11. axb3 O-O 12. Bd3 Bd6 13. c3 Qc7 14. h3
Bd7 15. Nf1 Rfe8 16. Ne3 Bf4 17. Ra2 Rad8 18. Rae2 Qc8 19. Ng4 *

[Event "ch-Asian Individual"]
[Site "Mashhad IRI"]
[Date "2011.05.04"]
[Round "3"]
[White "Barbosa,O PHI"]
[Black "Ghaem Maghami,E"]
[Result "*"]
[WhiteElo "2506"]
[BlackElo "2606"]
[EventDate "2011.05.02"]

1. d4 Nf6 2. c4 e6 3. g3 c5 4. Nf3 cxd4 5. Nxd4 Bb4+ 6. Bd2 Bc5 7. Nb3 Be7
8. Bg2 Nc6 9. O-O b6 10. Nc3 O-O 11. Bf4 Bb7 12. Bd6 Bxd6 13. Qxd6 Qb8 14.
Rfd1 Rd8 15. c5 *

[Event "ch-Asian Individual"]
[Site "Mashhad IRI"]
[Date "2011.05.04"]
[Round "3"]
[White "Gopal,G"]
[Black "Lou Yiping"]
[Result "*"]
[WhiteElo "2592"]
[BlackElo "2435"]
[EventDate "2011.05.02"]

1. d4 Nf6 2. Nf3 d5 3. c4 e6 4. Nc3 Be7 5. Bg5 h6 6. Bxf6 Bxf6 7. Qb3 c6 8.
e3 O-O 9. Bd3 dxc4 10. Qxc4 Nd7 11. Rd1 Qb6 12. Rd2 Be7 13. Bb1 Rd8 14. O-O
Nf8 15. e4 *

[Event "ch-Asian Individual"]
[Site "Mashhad IRI"]
[Date "2011.05.04"]
[Round "3"]
[White "Darini,P"]
[Black "Zhao Jun"]
[Result "*"]
[WhiteElo "2471"]
[BlackElo "2574"]
[EventDate "2011.05.02"]

1. e4 c5 2. Nf3 d6 3. d4 cxd4 4. Nxd4 Nf6 5. Nc3 a6 6. Bg5 e6 7. f4 Qc7 8.
Qf3 b5 9. O-O-O b4 10. e5 Bb7 11. Ncb5 axb5 12. Bxb5+ Nbd7 13. Qh3 b3 14.
Qxb3 Bd5 15. c4 Ne4 16. Rhe1 Nxg5 17. fxg5 Bxc4 18. exd6 Bxb3+ 19. dxc7
Bxd1 20. Rxd1 Bd6 21. Nxe6 Ke7 22. Nxg7 Bf4+ 23. Kb1 Nb6 24. Nf5+ Ke6 25.
Nd4+ Kd6 26. g3 *

[Event "ch-Asian Individual"]
[Site "Mashhad IRI"]
[Date "2011.05.04"]
[Round "3"]
[White "Paragua,M"]
[Black "Hussein,AH"]
[Result "*"]
[WhiteElo "2542"]
[BlackElo "2394"]
[EventDate "2011.05.02"]

1. d4 Nf6 2. c4 d6 3. Nf3 Nbd7 4. Nc3 e5 5. e4 Be7 6. Be2 O-O 7. O-O c6 8.
Qc2 a6 9. Rd1 Qc7 10. Bg5 Re8 11. Rac1 Nf8 12. h3 h6 13. Be3 Ng6 14. Bf1
Bf8 15. g3 exd4 16. Nxd4 Bd7 17. Bg2 Rad8 18. Nf5 c5 19. g4 Bc6 20. g5 hxg5
21. Bxg5 Be7 22. Qe2 Nf8 23. Be3 N8h7 24. Bf4 Bf8 25. Qd3 Re6 26. Ne3 Rde8
27. Ned5 Qd8 *

[Event "ch-Asian Individual"]
[Site "Mashhad IRI"]
[Date "2011.05.04"]
[Round "3"]
[White "Wang Chen"]
[Black "Moradiabadi,E"]
[Result "*"]
[WhiteElo "2436"]
[BlackElo "2536"]
[EventDate "2011.05.02"]

1. e4 c5 2. Nf3 e6 3. b3 a6 4. Bb2 Nc6 5. d4 cxd4 6. Nxd4 Qf6 7. c3 Bc5 8.
g3 h5 9. h4 e5 10. Nf3 d6 11. Nbd2 Bg4 12. Bg2 Nge7 13. O-O O-O 14. Qe1 Qg6
15. Nh2 Be6 16. Kh1 d5 17. exd5 Bxd5 18. Ne4 Bb6 19. c4 Be6 20. Nd6 *

[Event "ch-Asian Individual"]
[Site "Mashhad IRI"]
[Date "2011.05.04"]
[Round "3"]
[White "Ahmadinia,E"]
[Black "Kunte,A"]
[Result "*"]
[WhiteElo "2429"]
[BlackElo "2526"]
[EventDate "2011.05.02"]

1. e4 c5 2. c3 Nf6 3. e5 Nd5 4. d4 cxd4 5. Nf3 d6 6. cxd4 Nc6 7. Bc4 Nb6 8.
Bb5 Bd7 9. Nc3 dxe5 10. dxe5 g6 11. O-O Bg7 12. Qe2 O-O 13. Rd1 Qc7 14. Bf4
Bg4 15. Rac1 Rad8 16. Bxc6 Qxc6 17. Rxd8 Rxd8 18. Ne4 Qd5 19. Nc5 Rc8 20.
b4 Qc6 21. Nb3 Qe6 22. Rxc8+ Qxc8 23. h3 Be6 24. Nc5 Bd5 *

[Event "ch-Asian Individual"]
[Site "Mashhad IRI"]
[Date "2011.05.04"]
[Round "3"]
[White "Laylo,D"]
[Black "Bakr,J"]
[Result "*"]
[WhiteElo "2516"]
[BlackElo "2368"]
[EventDate "2011.05.02"]

1. d4 Nf6 2. c4 e6 3. Nf3 c5 4. d5 exd5 5. cxd5 Bd6 6. Nc3 Bc7 7. Bg5 d6 8.
e3 O-O 9. Bd3 Nbd7 10. O-O a6 11. a4 Re8 12. Nd2 Rb8 13. Qc2 h6 14. Bh4 Ba5
15. Nc4 Bxc3 16. bxc3 Ne5 17. Nxe5 Rxe5 18. c4 b5 *

[Event "ch-Asian Individual"]
[Site "Mashhad IRI"]
[Date "2011.05.04"]
[Round "3"]
[White "Sadeh,S"]
[Black "Dao Thien Hai"]
[Result "*"]
[WhiteElo "2343"]
[BlackElo "2512"]
[EventDate "2011.05.02"]

1. g3 d5 2. Bg2 c5 3. Nf3 Nc6 4. d4 Bg4 5. Ne5 Bf5 6. Nxc6 bxc6 7. c4 e6 8.
Qa4 Qd7 9. O-O Nf6 10. Nc3 cxd4 11. cxd5 cxd5 12. Qxd4 Rc8 13. Bg5 Rc4 14.
Qd2 Be7 15. Rac1 h6 *

[Event "ch-Asian Individual"]
[Site "Mashhad IRI"]
[Date "2011.05.04"]
[Round "3"]
[White "Kasimdzhanov,R"]
[Black "Khademi,M"]
[Result "*"]
[WhiteElo "2685"]
[BlackElo "2308"]
[EventDate "2011.05.02"]

1. d4 f5 2. g3 Nf6 3. Bg2 g6 4. c3 Bg7 5. Qb3 c6 6. Nd2 Qb6 7. Nc4 Qa6 8.
Nh3 d5 9. Ne5 Nbd7 10. Nd3 Ne4 11. Nhf4 Kf7 12. h4 Qc4 13. h5 a5 14. Nh3
Qxb3 15. axb3 e5 16. dxe5 Nxe5 17. Bf4 Nxd3+ 18. exd3 Nc5 19. O-O-O Re8 20.
Kc2 d4 21. Rhe1 Bd7 22. Bd6 Ne6 23. c4 Bf8 24. Bxf8 Kxf8 25. Ra1 b6 26.
hxg6 hxg6 27. b4 Kf7 28. bxa5 *

[Event "ch-Asian Individual"]
[Site "Mashhad IRI"]
[Date "2011.05.04"]
[Round "3"]
[White "Gao Rui"]
[Black "Gomez,Joh"]
[Result "*"]
[WhiteElo "2419"]
[BlackElo "2538"]
[EventDate "2011.05.02"]

1. e4 e6 2. d4 d5 3. Nc3 Nf6 4. e5 Nfd7 5. f4 c5 6. Nf3 Nc6 7. Be3 a6 8.
Qd2 b5 9. a3 Bb7 10. Bd3 Be7 11. O-O O-O 12. Qf2 f6 13. exf6 Nxf6 14. Qg3
Qb6 15. dxc5 Bxc5 16. Bxc5 Qxc5+ 17. Kh1 b4 18. Ne2 Rae8 19. axb4 Qxb4 20.
c3 Qb6 21. Nfd4 Nxd4 22. Nxd4 Ne4 *

[Event "ch-Asian Individual"]
[Site "Mashhad IRI"]
[Date "2011.05.04"]
[Round "3"]
[White "Yang Kaiqi"]
[Black "Shyam,SM"]
[Result "*"]
[WhiteElo "2409"]
[BlackElo "2457"]
[EventDate "2011.05.02"]

1. e4 e6 2. d4 d5 3. Nd2 Nf6 4. e5 Nfd7 5. Bd3 c5 6. c3 Nc6 7. Ne2 cxd4 8.
cxd4 f6 9. Nf4 Nxd4 10. Qh5+ Ke7 11. exf6+ Nxf6 12. Ng6+ hxg6 13. Qxh8 Kf7
14. Qh4 e5 15. Nf3 Nxf3+ 16. gxf3 Bf5 17. Bxf5 gxf5 18. Bg5 Qb6 19. O-O d4
20. Rac1 Nd5 21. Rc4 Qg6 22. Kh1 Kg8 *

[Event "ch-Asian Individual"]
[Site "Mashhad IRI"]
[Date "2011.05.04"]
[Round "3"]
[White "Debashis,D"]
[Black "Vaibhav,S"]
[Result "*"]
[WhiteElo "2392"]
[BlackElo "2430"]
[EventDate "2011.05.02"]

1. c4 e6 2. Nc3 Nf6 3. e4 c5 4. e5 Ng8 5. Nf3 Nc6 6. d4 cxd4 7. Nxd4 Nxe5
8. Ndb5 a6 9. Nd6+ Bxd6 10. Qxd6 f6 11. Be3 Ne7 12. Bb6 Nf5 13. Qc5 d6 14.
Qa5 Qd7 15. f4 Nc6 16. Qa3 O-O 17. O-O-O e5 18. g4 Nfd4 19. f5 a5 20. Nd5
Ra6 21. c5 Nb4 22. Bxa6 Nxa6 23. Rhe1 *

[Event "ch-Asian Individual"]
[Site "Mashhad IRI"]
[Date "2011.05.04"]
[Round "3"]
[White "Noroozi,O"]
[Black "Hou Yifan"]
[Result "*"]
[WhiteElo "2340"]
[BlackElo "2612"]
[EventDate "2011.05.02"]

1. c4 c5 2. Nf3 Nc6 3. Nc3 Nd4 4. Ng1 Nc6 5. Nf3 g6 6. e3 Bg7 7. d4 d6 8.
d5 Na5 9. Bd3 Nf6 10. O-O O-O 11. e4 e5 12. h3 b6 13. Bg5 Qe8 14. Qd2 Nh5
15. g4 Nf6 16. Nh4 Kh8 17. f4 exf4 18. Bxf4 Nb7 19. Qh2 Nd7 *

[Event "ch-Asian Individual"]
[Site "Mashhad IRI"]
[Date "2011.05.04"]
[Round "3"]
[White "Vidit,S"]
[Black "Yang,ching Wei,Austin"]
[Result "*"]
[WhiteElo "2495"]
[BlackElo "1717"]
[EventDate "2011.05.02"]

1. d4 Nf6 2. c4 g6 3. g3 Bg7 4. Bg2 d6 5. Nf3 O-O 6. O-O c5 7. d5 Nbd7 8.
Nc3 Ng4 9. h3 Nge5 10. Nd2 Nb6 11. Qb3 f5 12. f4 Nf7 13. Qc2 Rb8 14. b3 e5
15. dxe6 Bxe6 16. Ba3 Re8 17. Rad1 Qe7 18. Rfe1 Bd7 19. e4 *

[Event "ch-Asian Individual"]
[Site "Mashhad IRI"]
[Date "2011.05.04"]
[Round "3"]
[White "Arabi,S"]
[Black "Annageldyev,O"]
[Result "*"]
[WhiteElo "2141"]
[BlackElo "2418"]
[EventDate "2011.05.02"]

1. d4 Nf6 2. c4 e6 3. g3 c5 4. d5 exd5 5. cxd5 d6 6. Nc3 g6 7. Bg2 Bg7 8.
Nf3 O-O 9. O-O Re8 10. Nd2 Nbd7 11. h3 a6 12. a4 Rb8 13. Nc4 Nb6 14. Na3
Bd7 15. Bf4 Qc7 16. a5 Nc8 17. Nc4 Nh5 18. Bd2 b5 19. axb6 Nxb6 20. Na5 Bb5
21. Nxb5 axb5 22. Nc6 Ra8 23. Rxa8 Rxa8 24. Qb3 b4 25. e4 Ra4 26. Be3 *